000 00626nam a22001937a 4500
005 20140908110537.0
010 _aENG-110761
020 _a9788183876698
_c1550.00
035 _aEN-94293
037 _bDBAD/PUB
082 _a362.1042570954
100 _aDhandapani, C.
245 _aFacets of rural health in India /
_c by C. Dhandapani
260 _aNew Delhi
_bSerials Publications
_c2014
270 _a4830/24, Prahlad street, Ansari Road, Darya Ganj
_bNew Delhi
_e110002
300 _axviii,415p.
_c22cm(Hb)
500 _aIncludes bibliographical references
942 _2ddc
_cEN
_h362.1042570954
_mDHA
999 _c88350
_d88350